Statistics for Countries James Bond has visited

Click here to take the quiz!

General Stats

  • This quiz has been taken 146 times
    (62 since last reset)
  • The average score is 38 of 53

Answer Stats

ContinentCountry% Correct
AsiaChina
94%
EuropeFrance
94%
EuropeGermany
94%
EuropeItaly
94%
North AmericaUnited States of America
94%
South AmericaBrazil
92%
North AmericaCanada
92%
Asia/ EuropeRussia
92%
EuropeSpain
92%
EuropeUnited Kingdom
92%
North AmericaCuba
90%
AsiaIndia
90%
North AmericaMexico
90%
EuropeAustria
88%
AsiaJapan
88%
AfricaEgypt
86%
Asia/ EuropeTurkey
86%
EuropeGreece
82%
EuropeNorway
82%
EuropeSwitzerland
82%
EuropeCzech Republic
80%
Europethe Netherlands
80%
North AmericaJamaica
78%
EuropePortugal
76%
AsiaSouth Korea
76%
EuropeIceland
72%
EuropeMonaco
72%
North Americathe Bahamas
72%
South AmericaBolivia
70%
EuropeDenmark
70%
AsiaAfghanistan
68%
South AmericaChile
66%
AsiaThailand
66%
EuropeVatican City
66%
EuropeAlbania
64%
AsiaVietnam
64%
AsiaAzerbaijan
62%
EuropeCroatia
62%
North AmericaHaiti
62%
AsiaNorth Korea
62%
AsiaPakistan
62%
AfricaMorocco
60%
North AmericaPanama
58%
EuropeSlovakia
58%
AfricaSouth Africa
58%
AsiaKazakhstan
52%
EuropeMontenegro
52%
North AmericaGuatemala
50%
EuropeSerbia
48%
AsiaLebanon
44%
AfricaMadagascar
42%
EuropeMalta
38%
AfricaUganda
38%

Score Distribution

Percentile by Number Answered

Percent of People with Each Score

Your Score History

You have not taken this quiz since the last reset